[Event "Ontario-ch U20 U1800"]
[Site "Mississauga CAN"]
[Date "2018.01.27"]
[Round "2.15"]
[White "Yang, Elena"]
[Black "Srinivas, Atharva"]
[Result "0-1"]
[WhiteElo "1586"]
[BlackElo "1409"]
[PlyCount "64"]
[EventDate "2018.01.27"]
[EventType "swiss"]
[EventRounds "5"]
[EventCountry "CAN"]

1. c4 e5 2. Nc3 Nc6 3. Nf3 f5 4. d3 Bb4 5. a3 Bxc3+ 6. bxc3 h6 7. g3 Nf6 8. Bg2
O-O 9. O-O d6 10. e3 Qe8 11. Re1 Qh5 12. Nh4 Qf7 13. Nf3 e4 14. Nd4 Ne5 15.
dxe4 Nxe4 16. Qc2 Qxc4 17. Bxe4 fxe4 18. Qa2 Qxa2 19. Rxa2 c5 20. Nb5 Nf3+ 21.
Kf1 Bh3+ 22. Ke2 Nxe1 23. Kxe1 d5 24. a4 a6 25. Na3 Rac8 26. c4 d4 27. Nc2 d3
28. Na3 Be6 29. Rb2 Rb8 30. Bd2 b6 31. Rb1 Bd7 32. a5 b5 0-1

[Event "Ontario-ch U20 U1800"]
[Site "Mississauga CAN"]
[Date "2018.01.27"]
[Round "2.16"]
[White "Xie, Austin"]
[Black "Zhang, Jonathan"]
[Result "0-1"]
[WhiteElo "1497"]
[BlackElo "1355"]
[PlyCount "122"]
[EventDate "2018.01.27"]
[EventType "swiss"]
[EventRounds "5"]
[EventCountry "CAN"]

1. e4 c5 2. Nc3 d6 3. f4 Nc6 4. Bb5 Bd7 5. Bxc6 Bxc6 6. Nf3 Nf6 7. d3 e6 8. O-O
Be7 9. Qe1 O-O 10. Bd2 b5 11. d4 b4 12. Nd1 Bb5 13. Nf2 Bxf1 14. Qxf1 a5 15. g4
d5 16. e5 Ne4 17. Be3 Nxf2 18. Qxf2 cxd4 19. Bxd4 f6 20. Re1 Qd7 21. exf6 Bxf6
22. Ne5 Bxe5 23. Rxe5 Rf6 24. Qe3 h6 25. f5 exf5 26. Re7 Qc6 27. Bxf6 Qxf6 28.
gxf5 Qxf5 29. Qg3 Qf6 30. Qe5 Qxe5 31. Rxe5 Rd8 32. Re6 Rc8 33. Re2 Kf7 34. Rd2
Ke6 35. Kg2 Ke5 36. Kf3 Rc4 37. Ke3 Rh4 38. Kf3 h5 39. Kg3 Rg4+ 40. Kf2 Rf4+
41. Kg1 d4 42. Kg2 g5 43. a3 g4 44. axb4 axb4 45. Kg3 Rf3+ 46. Kg2 Ke4 47. b3
d3 48. cxd3+ Rxd3 49. Rb2 Kd4 50. Rb1 Kc3 51. h4 gxh3+ 52. Kh1 Kc2 53. Rb2+
Kxb2 54. Kh2 Kxb3 55. Kh1 Kc2 56. Kh2 b3 57. Kh1 b2 58. Kh2 Rd2+ 59. Kg3 b1=Q
60. Kh4 Qb4+ 61. Kxh3 Rd3+ 0-1

[Event "Ontario-ch U20 U1800"]
[Site "Mississauga CAN"]
[Date "2018.01.27"]
[Round "2.17"]
[White "Locham, Divjot"]
[Black "Laughlin, Braden"]
[Result "0-1"]
[WhiteElo "1373"]
[BlackElo "1421"]
[PlyCount "118"]
[EventDate "2018.01.27"]
[EventType "swiss"]
[EventRounds "5"]
[EventCountry "CAN"]

1. e4 c5 2. d4 cxd4 3. c3 dxc3 4. Nxc3 Nc6 5. Nf3 d6 6. Bc4 e6 7. O-O Nf6 8.
Bf4 Be7 9. Rc1 O-O 10. Qe2 a6 11. Rfd1 Na5 12. Bd3 e5 13. Be3 Be6 14. h3 Rc8
15. Nxe5 dxe5 16. Bb5 Bd6 17. Bd3 Qe7 18. Kh1 Bc4 19. Bxc4 Nxc4 20. Bg5 Nb6 21.
a4 Bb4 22. Nd5 Nbxd5 23. exd5 Rxc1 24. Bxc1 Qd6 25. Bg5 Bc5 26. Qc2 Bd4 27. f4
h6 28. Bh4 Ba7 29. fxe5 Qxe5 30. d6 g5 31. Be1 Qc5 32. Qxc5 Bxc5 33. b4 Ba7 34.
h4 Rd8 35. hxg5 hxg5 36. Bc3 Ne4 37. Bd4 Rxd6 38. Rc1 Rxd4 39. b5 Rd1+ 40. Rxd1
Nf2+ 41. Kh2 Nxd1 42. bxa6 bxa6 43. Kg3 Kg7 44. Kg4 Kg6 45. Kf3 Nb2 46. a5 Nc4
47. g4 Nxa5 48. Ke4 Nc6 49. Kd5 a5 50. Kc4 a4 51. Kc3 Bd4+ 52. Kc2 Nb4+ 53. Kb1
a3 54. Kc1 a2 55. Kd2 a1=Q 56. Ke2 Qb2+ 57. Kd1 Qc2+ 58. Ke1 Nd3+ 59. Kf1 Qf2#
0-1

[Event "Ontario-ch U20 U1800"]
[Site "Mississauga CAN"]
[Date "2018.01.27"]
[Round "3"]
[White "Chen, Andrew"]
[Black "Vo, Andy"]
[Result "0-1"]
[WhiteElo "1301"]
[BlackElo "1421"]
[PlyCount "104"]
[EventDate "2018.01.27"]
[EventType "swiss"]
[EventRounds "5"]
[EventCountry "CAN"]

1. d4 Nf6 2. c4 e6 3. Nf3 b6 4. e3 Bb7 5. Nbd2 Be7 6. b3 O-O 7. Bb2 d5 8. Be2
c5 9. O-O Nbd7 10. Bd3 Rc8 11. Rc1 cxd4 12. exd4 Re8 13. Re1 Bd6 14. Ne5 Nf8
15. Ndf3 Qe7 16. Ng5 Bxe5 17. dxe5 N6d7 18. Qh5 h6 19. Nh3 Nc5 20. Bb1 Red8 21.
Re3 dxc4 22. Rg3 Kh8 23. Ng5 Rc7 24. bxc4 Na4 25. Ba3 Qxa3 26. Rxa3 Kg8 27. Rh3
b5 28. Nf3 Rxc4 29. Rf1 Rdc8 30. g4 Nc3 31. Bd3 Rf4 32. g5 Bxf3 33. Rxf3 Rxf3
34. Qxf3 hxg5 35. Kh1 Nxa2 36. Rg1 b4 37. Rxg5 Rc3 38. Rg3 Nc1 39. Qd1 Na2 40.
Rh3 Rc1 41. Qxc1 Nxc1 42. Be4 Nd7 43. Re3 Nxe5 44. Bb1 Nd7 45. Kg1 Nc5 46. Kf1
N1b3 47. Ke2 a5 48. Kd1 Kf8 49. Ba2 Nd4 50. Re5 Nb7 51. Re4 Nb5 52. Kc2 Nc3 0-1

[Event "Ontario-ch U20 U1800"]
[Site "Mississauga CAN"]
[Date "2018.01.27"]
[Round "3"]
[White "Gao, William"]
[Black "Xie, Austin"]
[Result "0-1"]
[WhiteElo "1615"]
[BlackElo "1497"]
[PlyCount "50"]
[EventDate "2018.01.27"]
[EventType "swiss"]
[EventRounds "5"]
[EventCountry "CAN"]

1. e4 e5 2. Nf3 Nc6 3. Bc4 Bc5 4. c3 d6 5. d3 Nf6 6. b4 Bb6 7. a4 a5 8. b5 Ne7
9. Nbd2 O-O 10. Nf1 Ng6 11. Ng3 d5 12. exd5 Nxd5 13. Qb3 Ndf4 14. Ba3 Nxg2+ 15.
Kf1 Bh3 16. Bxf8 N2f4+ 17. Ke1 Nxd3+ 18. Bxd3 Qxd3 19. Ng5 Rxf8 20. Nxh3 Nh4
21. Ne2 Nf3+ 22. Kf1 Nd2+ 23. Kg2 Nxb3 24. Rae1 Qe4+ 25. f3 Qxa4 0-1

[Event "Ontario-ch U20 U1800"]
[Site "Mississauga CAN"]
[Date "2018.01.27"]
[Round "3"]
[White "Hua, Michelle"]
[Black "Ning, Oswin"]
[Result "1/2-1/2"]
[WhiteElo "1535"]
[BlackElo "1631"]
[PlyCount "79"]
[EventDate "2018.01.27"]
[EventType "swiss"]
[EventRounds "5"]
[EventCountry "CAN"]

1. e4 e6 2. d4 d5 3. Nd2 c5 4. c3 Nc6 5. Ngf3 Qb6 6. exd5 exd5 7. dxc5 Bxc5 8.
Qe2+ Nge7 9. Nb3 Bd6 10. Be3 Qc7 11. Qd2 O-O 12. Be2 Bf5 13. O-O Ne5 14. Nxe5
Bxe5 15. h3 Rfd8 16. Bd4 Bxd4 17. Nxd4 Bg6 18. Bd3 Bxd3 19. Qxd3 Nc6 20. Nf3
Ne5 21. Nxe5 Qxe5 22. Rfe1 Qf6 23. Rad1 Rd7 24. Qd4 Qxd4 25. Rxd4 Rc8 26. Red1
Rc5 27. c4 g6 28. b4 Rc6 29. cxd5 Rc2 30. R1d2 Rxd2 31. Rxd2 Kf8 32. f4 Ke7 33.
Kf2 Kd6 34. Ke3 Rc7 35. Kd4 b5 36. a3 Rc4+ 37. Ke3 Rc3+ 38. Kd4 Rxa3 39. Rc2
Ra6 40. Rc3 1/2-1/2

[Event "Ontario-ch U20 U1800"]
[Site "Mississauga CAN"]
[Date "2018.01.27"]
[Round "3"]
[White "Laughlin, Braden"]
[Black "Chen, Derek"]
[Result "0-1"]
[WhiteElo "1421"]
[BlackElo "1400"]
[PlyCount "74"]
[EventDate "2018.01.27"]
[EventType "swiss"]
[EventRounds "5"]
[EventCountry "CAN"]

1. e4 c5 2. Nf3 e6 3. d4 cxd4 4. Nxd4 a6 5. c4 Qc7 6. Nc3 Nf6 7. Be2 Bb4 8. f3
O-O 9. O-O Bd6 10. f4 e5 11. Nf5 Bc5+ 12. Kh1 d6 13. fxe5 dxe5 14. Nd5 Nxd5 15.
cxd5 Bxf5 16. Rxf5 Nd7 17. Bg5 Rac8 18. Rc1 Qd6 19. Qf1 h6 20. Bh4 Be3 21. Rxc8
Rxc8 22. Bg3 f6 23. Bf3 Rc1 24. Bd1 Bd4 25. b3 Nc5 26. Bf2 Bxf2 27. Rxf2 Nxe4
28. Rc2 Ra1 29. Qd3 Qb6 30. Qf3 Nf2+ 31. Rxf2 Qxf2 32. Qxf2 Rxd1+ 33. Qg1 Rxg1+
34. Kxg1 Kf7 35. Kf2 Ke7 36. Ke3 f5 37. g4 g6 0-1

[Event "Ontario-ch U20 U1800"]
[Site "Mississauga CAN"]
[Date "2018.01.27"]
[Round "3"]
[White "Locham, Divjot"]
[Black "Yang, Elena"]
[Result "1/2-1/2"]
[WhiteElo "1373"]
[BlackElo "1586"]
[PlyCount "65"]
[EventDate "2018.01.27"]
[EventType "swiss"]
[EventRounds "5"]
[EventCountry "CAN"]

1. e4 e5 2. Nf3 Nf6 3. Nc3 Nc6 4. Be2 Bc5 5. Nxe5 Nxe5 6. d4 Bxd4 7. Qxd4 Nc6
8. Qd1 h6 9. O-O O-O 10. Be3 Re8 11. f3 d6 12. Qd2 Ne5 13. a3 a6 14. Rad1 Be6
15. b3 Qe7 16. Bf2 Rad8 17. Qc1 d5 18. exd5 Nxd5 19. Nxd5 Bxd5 20. Rfe1 Qf6 21.
c4 Bc6 22. Rxd8 Rxd8 23. Rd1 Rxd1+ 24. Qxd1 Nd7 25. Bd4 Qe7 26. Bb2 Qe3+ 27.
Kf1 Qf4 28. Qd4 Qxd4 29. Bxd4 f6 30. b4 b6 31. b5 axb5 32. cxb5 Bd5 33. f4
1/2-1/2

[Event "Ontario-ch U20 U1800"]
[Site "Mississauga CAN"]
[Date "2018.01.27"]
[Round "3"]
[White "Ning, Alwin"]
[Black "Liu, Henry"]
[Result "1/2-1/2"]
[WhiteElo "1529"]
[BlackElo "1530"]
[PlyCount "44"]
[EventDate "2018.01.27"]
[EventType "swiss"]
[EventRounds "5"]
[EventCountry "CAN"]

1. e4 e6 2. d4 d5 3. e5 c5 4. c3 Nc6 5. Nf3 Bd7 6. a3 f6 7. exf6 Nxf6 8. Be2
Bd6 9. dxc5 Bxc5 10. O-O O-O 11. c4 Rc8 12. Bg5 Be7 13. cxd5 Nxd5 14. Bxe7 Qxe7
15. Re1 Qf6 16. Qd2 Nce7 17. Bd3 Bc6 18. Ng5 Nf4 19. Nxh7 Nh3+ 20. gxh3 Qf3 21.
Be4 Bxe4 22. Rxe4 Rc1+ 1/2-1/2

[Event "Ontario-ch U20 U1800"]
[Site "Mississauga CAN"]
[Date "2018.01.27"]
[Round "3"]
[White "Ramesh, Sanjay"]
[Black "Li, Kevin"]
[Result "1-0"]
[WhiteElo "1329"]
[BlackElo "1774"]
[PlyCount "101"]
[EventDate "2018.01.27"]
[EventType "swiss"]
[EventRounds "5"]
[EventCountry "CAN"]

1. d4 c5 2. d5 e6 3. Nc3 Nf6 4. Bg5 h6 5. Bh4 Qb6 6. Bxf6 gxf6 7. Rb1 Na6 8. e4
Nc7 9. Bc4 d6 10. Nge2 Bd7 11. Nf4 Rg8 12. Nh5 Be7 13. Qf3 Rg6 14. Nf4 Rg5 15.
h4 Rg8 16. dxe6 Nxe6 17. Nxe6 Bxe6 18. Bxe6 fxe6 19. O-O O-O-O 20. Qh3 Kd7 21.
Nd5 Qc6 22. Rfe1 Rg7 23. Nf4 Rdg8 24. Qxe6+ Kd8 25. g3 c4 26. Ne2 Qc5 27. Kg2
Kc7 28. Rbd1 Kb8 29. Nd4 Qe5 30. Qxe5 dxe5 31. Nf5 Rh7 32. Rd7 Bb4 33. Rxh7
Bxe1 34. Rxh6 Rf8 35. Rh7 b5 36. a3 Rd8 37. h5 Rd2 38. h6 Bxf2 39. Rh8+ Kb7 40.
h7 Ka6 41. Rc8 Rxc2 42. h8=Q Rxb2 43. Rc6+ Bb6+ 44. Kf3 Rb3+ 45. Kg4 Rxa3 46.
Qc8+ Ka5 47. Nd6 Kb4 48. Rxc4+ Ka5 49. Nb7+ Ka6 50. Nc5+ Ka5 51. Qa6# 1-0

[Event "Ontario-ch U20 U1800"]
[Site "Mississauga CAN"]
[Date "2018.01.27"]
[Round "3"]
[White "Srinivas, Atharva"]
[Black "Gao, Lucy"]
[Result "1-0"]
[WhiteElo "1409"]
[BlackElo "1229"]
[PlyCount "53"]
[EventDate "2018.01.27"]
[EventType "swiss"]
[EventRounds "5"]
[EventCountry "CAN"]

1. e4 e5 2. Nf3 Nc6 3. Bb5 a6 4. Ba4 Nf6 5. O-O b5 6. Bb3 Bb7 7. Re1 Bc5 8. h3
O-O 9. c3 Bb6 10. d4 d6 11. Bg5 h6 12. Bh4 Qe7 13. Bd5 Rfd8 14. Nbd2 Rab8 15.
Nf1 Rd7 16. Ng3 g6 17. Nf1 Kg7 18. Ne3 Qe8 19. Bxf6+ Kxf6 20. Qd2 g5 21. h4 Qe7
22. hxg5+ hxg5 23. Ng4+ Kg6 24. Bxc6 Bxc6 25. dxe5 f5 26. exf6 Qe6 27. Qxg5+
1-0

[Event "Ontario-ch U20 U1800"]
[Site "Mississauga CAN"]
[Date "2018.01.27"]
[Round "3"]
[White "Wang, Eric"]
[Black "Gao, Raymond"]
[Result "1/2-1/2"]
[WhiteElo "1654"]
[BlackElo "1661"]
[PlyCount "62"]
[EventDate "2018.01.27"]
[EventType "swiss"]
[EventRounds "5"]
[EventCountry "CAN"]

1. c4 e5 2. Nc3 Bb4 3. Nd5 Bc5 4. b4 Bd4 5. Rb1 c6 6. Nc3 a5 7. a3 d5 8. e3 Bb6
9. Bb2 Nf6 10. cxd5 cxd5 11. Bb5+ Bd7 12. Bxd7+ Qxd7 13. Na4 Bc7 14. Nc5 Qe7
15. Nxb7 axb4 16. axb4 Bb6 17. Nc5 Bxc5 18. bxc5 Nbd7 19. Nf3 e4 20. c6 Nc5 21.
Nd4 Nd3+ 22. Kf1 h5 23. h3 h4 24. Nf5 Nxb2 25. Rxb2 Qe5 26. Nd4 Nh5 27. Rb1 Qf6
28. Ke1 Nf4 29. exf4 Qxd4 30. Qc2 Qf6 31. g3 O-O 1/2-1/2

[Event "Ontario-ch U20 U1800"]
[Site "Mississauga CAN"]
[Date "2018.01.27"]
[Round "3"]
[White "Zhang, Jonathan"]
[Black "Stopic, Alexander"]
[Result "1-0"]
[WhiteElo "1355"]
[BlackElo "1686"]
[PlyCount "63"]
[EventDate "2018.01.27"]
[EventType "swiss"]
[EventRounds "5"]
[EventCountry "CAN"]

1. e4 e5 2. Nf3 Nc6 3. d4 exd4 4. Bc4 h6 5. c3 dxc3 6. Qb3 Qe7 7. Nxc3 Nf6 8.
O-O d6 9. Nd5 Nxd5 10. exd5 Ne5 11. Nxe5 Qxe5 12. Bd2 Be7 13. Bb5+ Bd7 14.
Bxd7+ Kxd7 15. Qxb7 Rhc8 16. Qc6+ Kd8 17. Ba5 a6 18. Bxc7+ Rxc7 19. Qxa8+ Kd7
20. Rac1 Rc5 21. Rxc5 dxc5 22. Qc6+ Kd8 23. Qxa6 Bd6 24. g3 h5 25. Qa5+ Kc8 26.
Qc3 Qg5 27. Qc4 f5 28. Qa6+ Kd7 29. Qc6+ Ke7 30. Re1+ Kf7 31. Qxd6 g6 32. Qd7+
1-0

[Event "Ontario-ch U20 U1800"]
[Site "Mississauga CAN"]
[Date "2018.01.28"]
[Round "4"]
[White "Balachandran, Kousihan"]
[Black "Wang, Eric"]
[Result "0-1"]
[WhiteElo "1460"]
[BlackElo "1654"]
[PlyCount "124"]
[EventDate "2018.01.27"]
[EventType "swiss"]
[EventRounds "5"]
[EventCountry "CAN"]

1. e4 e5 2. Nf3 Nc6 3. Bc4 Bc5 4. c3 Nf6 5. d4 exd4 6. cxd4 Bb4+ 7. Bd2 Nxe4 8.
Bxb4 Nxb4 9. Qb3 d5 10. Qxb4 dxc4 11. Qxc4 O-O 12. O-O Be6 13. Qc2 Nf6 14. Nbd2
c6 15. Nb3 Bxb3 16. Qxb3 Qc7 17. Rad1 Rad8 18. Rfe1 Nd5 19. Qc2 f6 20. Re4 Rde8
21. Rh4 g6 22. Re4 Rxe4 23. Qxe4 Rf7 24. h4 Kg7 25. h5 Nf4 26. hxg6 hxg6 27.
Nh4 Re7 28. Qf3 f5 29. Qa3 a6 30. Nf3 Qd7 31. Qb3 Qd5 32. Qxd5 Nxd5 33. Ne5 Kf6
34. g3 Nb4 35. a3 Nc2 36. Rd2 Nxd4 37. Ng4+ fxg4 38. Rxd4 Kf5 39. Rf4+ Kg5 40.
Kf1 Re5 41. Rd4 Rb5 42. Rd2 Kf5 43. Ke2 Re5+ 44. Kd1 Rd5 45. Rxd5+ cxd5 46. Kd2
Ke4 47. Ke2 d4 48. b3 d3+ 49. Kd2 Kf3 50. Kxd3 Kxf2 51. Kc4 Kxg3 52. Kc5 Kf3
53. Kb6 g3 54. Kxb7 g2 55. Kxa6 g1=Q 56. b4 Qa1 57. b5 Qxa3+ 58. Kb6 Qa8 59.
Kc5 Qb7 60. b6 Ke4 61. Kb5 Kd5 62. Ka5 Kc4 0-1

[Event "Ontario-ch U20 U1800"]
[Site "Mississauga CAN"]
[Date "2018.01.28"]
[Round "4"]
[White "Chen, Derek"]
[Black "Ma, Andrew"]
[Result "1-0"]
[WhiteElo "1400"]
[BlackElo "1486"]
[PlyCount "153"]
[EventDate "2018.01.27"]
[EventType "swiss"]
[EventRounds "5"]
[EventCountry "CAN"]

1. e4 c5 2. Nf3 d6 3. d4 cxd4 4. Nxd4 Nf6 5. Nc3 a6 6. Be2 e6 7. Be3 Be7 8. O-O
b5 9. a3 Bb7 10. f3 Nc6 11. Qd2 O-O 12. Rad1 Rc8 13. Nxc6 Bxc6 14. Bd3 d5 15.
e5 Nd7 16. f4 Bc5 17. b4 Bxe3+ 18. Qxe3 Qb6 19. Qxb6 Nxb6 20. Be2 Bb7 21. Rd3
g6 22. Rc1 Rc7 23. Nd1 Rfc8 24. c3 Nc4 25. Ra1 Nb6 26. Kf1 Na4 27. Rc1 d4 28.
Rxd4 Nxc3 29. Nxc3 Rxc3 30. Rxc3 Rxc3 31. Rd3 Rxd3 32. Bxd3 Kg7 33. g3 f6 34.
Kf2 fxe5 35. fxe5 Kf7 36. Ke3 Ke7 37. h4 Bg2 38. h5 gxh5 39. Bxh7 Kf7 40. Kd4
Kg7 41. Bd3 Kh6 42. Kc5 Kg5 43. Kb6 Kg4 44. Bg6 Kxg3 45. Bxh5 Kf4 46. Be2 Kxe5
47. Kxa6 Kd4 48. Kxb5 e5 49. a4 Ke3 50. Bc4 Kd2 51. a5 e4 52. a6 e3 53. a7 e2
54. Bxe2 Kxe2 55. Ka6 Kd3 56. b5 Kd4 57. b6 Bf1+ 58. Kb7 Ke5 59. Kc7 Bg2 60. b7
Bxb7 61. Kxb7 Kd5 62. a8=Q Ke5 63. Qd8 Ke4 64. Qd6 Kf5 65. Qe7 Kf4 66. Qe6 Kf3
67. Qe5 Kg4 68. Qf6 Kg3 69. Qf5 Kg2 70. Qf4 Kh3 71. Qg5 Kh2 72. Qg4 Kh1 73. Kc6
Kh2 74. Kd5 Kh1 75. Ke4 Kh2 76. Kf3 Kh1 77. Qg2# 1-0

[Event "Ontario-ch U20 U1800"]
[Site "Mississauga CAN"]
[Date "2018.01.28"]
[Round "4"]
[White "Gao, Raymond"]
[Black "Hua, Michelle"]
[Result "1-0"]
[WhiteElo "1661"]
[BlackElo "1535"]
[PlyCount "69"]
[EventDate "2018.01.27"]
[EventType "swiss"]
[EventRounds "5"]
[EventCountry "CAN"]

1. e4 c5 2. Nf3 d6 3. Bb5+ Bd7 4. Bxd7+ Qxd7 5. c4 Nf6 6. Nc3 g6 7. d4 cxd4 8.
Nxd4 Bg7 9. f3 Nc6 10. Be3 O-O 11. O-O Rac8 12. b3 Rfd8 13. Qd2 e6 14. Rfd1 d5
15. Nxc6 bxc6 16. e5 Ne8 17. f4 f6 18. exf6 Nxf6 19. Rac1 Ng4 20. Bd4 Bxd4+ 21.
Qxd4 c5 22. Qd3 d4 23. Ne4 Kg7 24. Rd2 Ne3 25. Re1 Qe7 26. Ng5 h6 27. Nf3 Rf8
28. Nxd4 Rcd8 29. Qxe3 cxd4 30. Rxd4 Rxd4 31. Qxd4+ Kh7 32. g3 Rd8 33. Qe4 Qc5+
34. Qe3 Rd4 35. Kf1 1-0

[Event "Ontario-ch U20 U1800"]
[Site "Mississauga CAN"]
[Date "2018.01.28"]
[Round "4"]
[White "Li, Kevin"]
[Black "Chen, Andrew"]
[Result "1-0"]
[WhiteElo "1774"]
[BlackElo "1301"]
[PlyCount "95"]
[EventDate "2018.01.27"]
[EventType "swiss"]
[EventRounds "5"]
[EventCountry "CAN"]

1. e4 c5 2. Nf3 e6 3. d4 cxd4 4. Nxd4 Nc6 5. Nc3 Bb4 6. Nxc6 bxc6 7. Bd3 Nf6 8.
Bg5 h6 9. Bh4 Be7 10. O-O O-O 11. Ne2 Qa5 12. Bg3 Qb4 13. e5 Nh5 14. c3 Qxb2
15. Rb1 Qa3 16. Bc2 Ba6 17. Rb3 Qxa2 18. Nc1 Qa5 19. Qxh5 Bxf1 20. Kxf1 Bg5 21.
Nd3 Qa1+ 22. Ne1 Bd2 23. Qe2 Bxc3 24. Rb1 Qa5 25. Qd3 g6 26. Nf3 Rab8 27. Rxb8
Rxb8 28. Qxd7 Rd8 29. Qxc6 Qa1+ 30. Ke2 Qb2 31. Qe4 Qb5+ 32. Ke3 Qc5+ 33. Kf4
Bd2+ 34. Nxd2 Rd4 35. Qxd4 Qxd4+ 36. Ne4 f5 37. exf6 Qc4 38. Bd1 Qc1+ 39. Ke5
Qxd1 40. Kxe6 Qg4+ 41. Kd5 a5 42. f3 Qd7+ 43. Nd6 a4 44. f7+ Kf8 45. h4 a3 46.
Bf4 Qd8 47. Bxh6+ Ke7 48. Bg5+ 1-0

[Event "Ontario-ch U20 U1800"]
[Site "Mississauga CAN"]
[Date "2018.01.28"]
[Round "4"]
[White "Liu, Henry"]
[Black "Srinivas, Atharva"]
[Result "0-1"]
[WhiteElo "1530"]
[BlackElo "1409"]
[PlyCount "48"]
[EventDate "2018.01.27"]
[EventType "swiss"]
[EventRounds "5"]
[EventCountry "CAN"]

1. c4 e5 2. Nc3 Nc6 3. g3 f5 4. Bg2 Nf6 5. d3 Bb4 6. Bd2 Bxc3 7. Bxc3 O-O 8.
Nf3 d6 9. O-O Qe8 10. Qb3 Qh5 11. c5+ Kh8 12. cxd6 cxd6 13. Qa3 f4 14. gxf4 Bh3
15. fxe5 Ng4 16. Rfe1 Bxg2 17. Kxg2 Rxf3 18. Kxf3 Rf8+ 19. Ke4 Qf5+ 20. Kd5
Qf7+ 21. e6 Qf5+ 22. Kc4 Qxe6+ 23. Kb5 Qd5+ 24. Ka4 b5# 0-1

[Event "Ontario-ch U20 U1800"]
[Site "Mississauga CAN"]
[Date "2018.01.28"]
[Round "4"]
[White "Ning, Oswin"]
[Black "Zhang, Jonathan"]
[Result "0-1"]
[WhiteElo "1631"]
[BlackElo "1355"]
[PlyCount "52"]
[EventDate "2018.01.27"]
[EventType "swiss"]
[EventRounds "5"]
[EventCountry "CAN"]

1. e4 e6 2. d4 d5 3. exd5 exd5 4. Nf3 Nf6 5. Be2 Be6 6. Nc3 h6 7. Bf4 c6 8. O-O
Nbd7 9. Qd2 Bb4 10. a3 Bxc3 11. Qxc3 Ne4 12. Qb3 b5 13. Nd2 Nxd2 14. Bxd2 O-O
15. a4 a6 16. axb5 axb5 17. Rxa8 Qxa8 18. Qg3 Kh8 19. f4 Bf5 20. c3 Re8 21. Bg4
Bxg4 22. Qxg4 Nf6 23. Qh4 Qd8 24. f5 Ne4 25. Qe1 Nxc3 26. Qc1 Ne2+ 0-1

[Event "Ontario-ch U20 U1800"]
[Site "Mississauga CAN"]
[Date "2018.01.28"]
[Round "4"]
[White "Stopic, Alexander"]
[Black "Locham, Divjot"]
[Result "0-1"]
[WhiteElo "1373"]
[BlackElo "1686"]
[PlyCount "88"]
[EventDate "2018.01.27"]
[EventType "swiss"]
[EventRounds "5"]
[EventCountry "CAN"]

1. e4 e5 2. Nf3 Nc6 3. Bc4 Bc5 4. d3 Nf6 5. O-O O-O 6. Bg5 Be7 7. Nc3 d6 8. h3
h6 9. Bh4 Be6 10. Bb3 a6 11. Re1 Na5 12. d4 Nxb3 13. axb3 exd4 14. Nxd4 d5 15.
exd5 Bxd5 16. Nxd5 Nxd5 17. Bxe7 Nxe7 18. Qg4 f5 19. Qf4 Ng6 20. Qe3 Re8 21.
Qc3 Qf6 22. Rad1 Rxe1+ 23. Qxe1 Rd8 24. Qb4 Qd6 25. Qc4+ Kh8 26. Qd3 Nf4 27.
Nxf5 Qxd3 28. cxd3 Rxd3 29. Re1 Rxb3 30. Re7 Rxb2 31. Rxc7 a5 32. Rxg7 a4 33.
Rg4 a3 34. Rxf4 a2 35. Ra4 Rb1+ 36. Kh2 a1=Q 37. Rxa1 Rxa1 38. Nxh6 b5 39. Nf7+
Kg7 40. Nd6 b4 41. Nc4 b3 42. g4 Rc1 43. Nb2 Rc2 44. Nd3 Rd2 0-1

[Event "Ontario-ch U20 U1800"]
[Site "Mississauga CAN"]
[Date "2018.01.28"]
[Round "4"]
[White "Vo, Andy"]
[Black "Ramesh, Sanjay"]
[Result "1/2-1/2"]
[WhiteElo "1421"]
[BlackElo "1329"]
[PlyCount "38"]
[EventDate "2018.01.27"]
[EventType "swiss"]
[EventRounds "5"]
[EventCountry "CAN"]

1. e4 e5 2. Nf3 Nc6 3. d4 exd4 4. Nxd4 Nf6 5. Nc3 Bb4 6. Nxc6 bxc6 7. Bd3 O-O
8. O-O Re8 9. Qf3 d5 10. exd5 cxd5 11. Bg5 c6 12. Na4 Bd6 13. Rfe1 Rxe1+ 14.
Rxe1 Qa5 15. Nc3 Bg4 16. Qe3 Re8 17. Qd2 Rxe1+ 18. Qxe1 d4 19. Bxf6 gxf6
1/2-1/2

[Event "Ontario-ch U20 U1800"]
[Site "Mississauga CAN"]
[Date "2018.01.28"]
[Round "4"]
[White "Xie, Austin"]
[Black "Laughlin, Braden"]
[Result "1-0"]
[WhiteElo "1497"]
[BlackElo "1421"]
[PlyCount "73"]
[EventDate "2018.01.27"]
[EventType "swiss"]
[EventRounds "5"]
[EventCountry "CAN"]

1. e4 c5 2. Nc3 d6 3. f4 g6 4. Nf3 Bg7 5. Bb5+ Nc6 6. Bxc6+ bxc6 7. d3 e6 8.
O-O Ne7 9. Ne2 d5 10. c3 Ba6 11. e5 O-O 12. Be3 c4 13. d4 Qb6 14. Qd2 Rab8 15.
Rab1 Qc7 16. Ne1 Rb6 17. Nc2 Bb5 18. b3 cxb3 19. axb3 Rfb8 20. b4 Ra8 21. Ra1
Rb7 22. Ra5 Nc8 23. Rfa1 Nb6 24. Na3 Nc4 25. Nxc4 Bxc4 26. g4 Rb5 27. Rxb5 cxb5
28. Ng3 a5 29. f5 exf5 30. gxf5 gxf5 31. Bh6 f4 32. Qxf4 Bd3 33. Bxg7 Qxc3 34.
Rc1 Qxc1+ 35. Qxc1 Kxg7 36. bxa5 Rxa5 37. Qg5+ 1-0

[Event "Ontario-ch U20 U1800"]
[Site "Mississauga CAN"]
[Date "2018.01.28"]
[Round "4"]
[White "Yang, Elena"]
[Black "Gao, Lucy"]
[Result "1-0"]
[WhiteElo "1586"]
[BlackElo "1229"]
[PlyCount "53"]
[EventDate "2018.01.27"]
[EventType "swiss"]
[EventRounds "5"]
[EventCountry "CAN"]

1. c4 e5 2. Nc3 Nc6 3. d3 Nf6 4. Nf3 Bc5 5. g3 d6 6. Bg2 h6 7. O-O O-O 8. a3 a5
9. Bd2 Re8 10. Na4 Ba7 11. b4 axb4 12. axb4 e4 13. dxe4 Nxe4 14. b5 Ne5 15.
Nxe5 Rxe5 16. Nc3 Nc5 17. Bf4 Re6 18. b6 cxb6 19. Nb5 Ne4 20. Bxe4 Rxe4 21.
Nxd6 Re6 22. Nb5 Qxd1 23. Rfxd1 Rc6 24. Rxa7 Rxa7 25. Nxa7 Rxc4 26. Rd8+ Kh7
27. Rxc8 1-0

[Event "Ontario-ch U20 U1800"]
[Site "Mississauga CAN"]
[Date "2018.01.28"]
[Round "4"]
[White "Zhou, Mike"]
[Black "Ning, Alwin"]
[Result "0-1"]
[WhiteElo "1393"]
[BlackElo "1529"]
[PlyCount "74"]
[EventDate "2018.01.27"]
[EventType "swiss"]
[EventRounds "5"]
[EventCountry "CAN"]

1. c4 e5 2. g3 Nc6 3. Bg2 Nf6 4. e3 Bc5 5. b3 d6 6. h3 Bf5 7. Nc3 Rb8 8. e4 Bg6
9. d3 h6 10. Nge2 O-O 11. O-O Bh5 12. Na4 Nd4 13. g4 Nxe2+ 14. Qxe2 Bd4 15. Bb2
Bxb2 16. Nxb2 Bg6 17. Rad1 Re8 18. f4 Qe7 19. f5 Bh7 20. Rfe1 c5 21. a3 a5 22.
Na4 Qd7 23. Qd2 b6 24. g5 hxg5 25. Qxg5 b5 26. Nc3 bxc4 27. bxc4 Kh8 28. Nd5
Nxd5 29. cxd5 Qa4 30. f6 g6 31. Qh6 Rg8 32. Rb1 Rb3 33. Rec1 Qxa3 34. Rc3 Rxc3
35. Rb8 Qc1+ 36. Kh2 Qxh6 37. Rxg8+ Kxg8 0-1

[Event "Ontario-ch U20 U1800"]
[Site "Mississauga CAN"]
[Date "2018.01.28"]
[Round "5"]
[White "Chen, Andrew"]
[Black "Gao, William"]
[Result "1-0"]
[WhiteElo "1301"]
[BlackElo "1615"]
[PlyCount "49"]
[EventDate "2018.01.27"]
[EventType "swiss"]
[EventRounds "5"]
[EventCountry "CAN"]

1. d4 Nf6 2. c4 e6 3. Nf3 b6 4. e3 Bb7 5. Nbd2 Be7 6. b3 Na6 7. Bb2 c5 8. Be2
Rc8 9. O-O O-O 10. Re1 Nc7 11. Bd3 d5 12. e4 dxe4 13. Nxe4 cxd4 14. Bxd4 Nce8
15. Qb1 h6 16. Qb2 Rc7 17. Rad1 Rd7 18. Bb1 Kh8 19. Ne5 Qa8 20. Nxd7 Nxd7 21.
Bxg7+ Nxg7 22. Rxd7 Bb4 23. Re3 Rd8 24. Rg3 Rf8 25. Qxg7# 1-0

[Event "Ontario-ch U20 U1800"]
[Site "Mississauga CAN"]
[Date "2018.01.28"]
[Round "5"]
[White "Gao, Lucy"]
[Black "Stopic, Alexander"]
[Result "1-0"]
[WhiteElo "1229"]
[BlackElo "1686"]
[PlyCount "71"]
[EventDate "2018.01.27"]
[EventType "swiss"]
[EventRounds "5"]
[EventCountry "CAN"]

1. e4 e5 2. Nf3 Nc6 3. Bc4 Bc5 4. c3 Nf6 5. d3 d6 6. Nbd2 Be6 7. Bxe6 fxe6 8.
b4 Bb6 9. a4 a5 10. b5 Ne7 11. h3 c6 12. Qb3 cxb5 13. Rb1 Qd7 14. Qxb5 Qxb5 15.
Rxb5 Nc8 16. Nc4 Nd7 17. Ba3 Ke7 18. Nfxe5 Nxe5 19. Nxe5 Rf8 20. f3 Ra6 21. Nc4
Rd8 22. Ke2 Na7 23. Rxb6 Rxb6 24. Nxb6 Nc6 25. Nc4 Na7 26. Nxa5 b5 27. axb5 Kd7
28. Rb1 Rc8 29. Kd2 d5 30. b6 Nc6 31. b7 Rb8 32. Nb3 dxe4 33. Nc5+ Ke8 34. Na6
Rd8 35. b8=Q Nxb8 36. Rxb8 1-0